Longform 2025 (Record no. 8724)

MARC details
000 -LEADER
fixed length control field 00304nam a2200133Ia 4500
008 - FIXED-LENGTH DATA ELEMENTS--GENERAL INFORMATION
fixed length control field 260604s9999 xx 000 0 und d
020 ## - INTERNATIONAL STANDARD BOOK NUMBER
International Standard Book Number 9780143448006
082 ## - DEWEY DECIMAL CLASSIFICATION NUMBER
Classification number 741.59 DE
100 ## - MAIN ENTRY--PERSONAL NAME
Personal name Debkumar mitra
9 (RLIN) 35890
245 #0 - TITLE STATEMENT
Title Longform 2025
260 ## - PUBLICATION, DISTRIBUTION, ETC.
Name of publisher, distributor, etc. Pengiun Books
500 ## - GENERAL NOTE
General note Longform
942 ## - ADDED ENTRY ELEMENTS (KOHA)
Koha item type Book
Holdings
Date last seen Total Checkouts Full call number Barcode Cost, replacement price Price effective from Koha item type Lost status Damaged status Not for loan Withdrawn status Home library Current library Shelving location Date acquired Cost, normal purchase price BOOK NO
06/04/2026   741.59 DE 004342 1499.00 06/04/2026 Book         Indian Institute of Management Visakhapatnam Indian Institute of Management Visakhapatnam   06/04/2026 1499.00 DE

Copyright © 2024 Indian Institute of Management Visakhapatnam
Koha v23.05